| 000 | 00680nam a2200169 a 4500 | ||
|---|---|---|---|
| 008 | 080423s1986 ||||||||||||||||| || u | ||
| 020 | _a0256062501 | ||
| 050 | _aHF 5661 Fin | ||
| 110 | _aFinancial Accounting Standards Board | ||
| 245 | 1 | 0 |
_aAccounting standards: statements of financial accounting concepts _cFinancial Accounting Standards Board |
| 260 |
_aHomewood, Illions _bIrwin _c1986 |
||
| 300 | _a342p. | ||
| 350 | _a0.00 | ||
| 650 | _aTEXTBOOKS | ||
| 650 | 0 | _aACCOUNTING--HANDBOOKS, MANUALS, ETC | |
| 995 |
_D0.00 _FCBU-MAIN LIBRARY (Kitwe) _H1 _I0.00 _M1 _UAVAILABLE _WApr 23, 2008 _ZMain Library Open Access Collection |
||
| 999 |
_c33370 _d33370 |
||